Tree growth and environmental stresses / (Record no. 13682)

000 -LEADER
fixed length control field 00408cam a2200157 i 4500
020 ## - INTERNATIONAL STANDARD BOOK NUMBER
ISBN 0295956364
040 ## - CATALOGING SOURCE
Transcribing agency DLC
082 00 - DEWEY DECIMAL CLASSIFICATION NUMBER
Classification number 582 UNI 1979 A025 Or.
100 1# - MAIN ENTRY--AUTHOR NAME
Personal name Kozlowski, T. T.
245 10 - TITLE STATEMENT
Title Tree growth and environmental stresses /
260 ## - PUBLICATION, DISTRIBUTION, ETC. (IMPRINT)
Place of publication Seattle :
Name of publisher University of Washington Press,
Year of publication c1979.
300 ## - PHYSICAL DESCRIPTION
Number of Pages vii, 192 p. ;
Dimensions 21 cm.
650 #0 - SUBJECT ADDED ENTRY--TOPICAL TERM
Topical Term Trees
650 #0 - SUBJECT ADDED ENTRY--TOPICAL TERM
Topical Term Forest ecology.
942 ## - ADDED ENTRY ELEMENTS (KOHA)
Koha item type សៀវភៅភាសាអង់គ្លេស
952 ## - LOCATION AND ITEM INFORMATION (KOHA)
Withdrawn status [LOCAL, KOHA] 0
Holdings
Permanent Location Date acquired Koha item type Lost status Shelving location Barcode Current Location Full call number
Library Block A2017-08-29សៀវភៅភាសាអង់គ្លេស A057A21973Library Block A582 UNI 1979 A057 Or.
មជ្ឈមណ្ឌលឯការនៃសាកលវិទ្យាល័យភូមិន្ទកសិកម្មចំការដូង

Powered by Koha